| 000 | 00927nam a22002417a 4500 | ||
|---|---|---|---|
| 999 |
_c19818 _d19818 |
||
| 003 | AR-CdUCM | ||
| 008 | 190522b ||||| |||| 00| 0 spa d | ||
| 040 |
_aMUNICIPALIDAD PROVINCIAL DEL CUSCO _cBIBLIOTECA MUNICIPAL DEL CUSCO |
||
| 041 | _hit | ||
| 082 |
_a513.8 / _bB72 |
||
| 100 |
_aBonola, Roberto : _941440 |
||
| 245 | _aGeometrías no euclidianas / | ||
| 260 |
_aEspaña : _bCalpe, _c1923. |
||
| 300 |
_a232 páginas ; _c26 cm. |
||
| 440 |
_aBiblioteca de ideas del siglo XX _941441 |
||
| 505 | _aContenido: Las demostraciones del V postulado euclidiano -- Los precursores de la geometría no euclidiana -- los fundadores de a geometría no euclidiana ... | ||
| 650 |
_aGeometria no euclidiana _941442 |
||
| 650 |
_aHistoria de la geometria _941443 |
||
| 650 |
_aFundamentos de la geometria _941444 |
||
| 700 |
_aLuis Gutiérrez Del Arroyo (traductor) _941445 |
||
| 942 |
_2ddc _cLIBROS |
||
| 945 |
_aAndy _d2019-05-22 |
||